000 00756nam a22002057a 4500
003 OSt
005 20251211073347.0
008 251211b |||||||| |||| 00| 0 eng d
020 _a9719269812
040 _aDWCL - Main
_cOC
082 _aProf. 370.9 P552 2005
100 _aColinares, Nilo E.
_eEditor
245 _aPhilippine education in the third millennium :
_btrends, issues and challenges, concerns /
_cNilo E. Colinares and Lydia P.E. De La Rosa
260 _aPhilippines:
_b6Ns University of the Philippines,
_cc2005.
300 _ax, 397 pages:
_billustrations;
_c23 cm.
650 _a1. Education -- Philippines -- Curricula.
650 _a2. Education - Philippines.
700 _aI. De La Rosa, Lydia P.E.
_eEditor
942 _2ddc
_cPROF.
_n0
999 _c7047
_d7047